What's in your package? (Record no. 76890)
[ view plain ]
| 000 -LEADER | |
|---|---|
| fixed length control field | 01114cab a2200181 4500 |
| 001 - CONTROL NUMBER | |
| control field | ##L133254 |
| 008 - FIXED-LENGTH DATA ELEMENTS--GENERAL INFORMATION | |
| fixed length control field | 060424n2006 000 0 eng u |
| 035 ## - SYSTEM CONTROL NUMBER | |
| System control number | (Sirsi) u133254 |
| 041 0# - LANGUAGE CODE | |
| Language code of text/sound track or separate title | eng |
| 100 1# - MAIN ENTRY--PERSONAL NAME | |
| Personal name | Rose, James |
| 245 00 - TITLE STATEMENT | |
| Title | What's in your package? |
| 260 ## - PUBLICATION, DISTRIBUTION, ETC. | |
| Date of publication, distribution, etc. | 2006 |
| 490 #0 - SERIES STATEMENT | |
| Series statement | Building |
| Volume/sequential designation | 271(8427) 21 April 2006, 51-56(6) |
| 520 ## - SUMMARY, ETC. | |
| Summary, etc. | Discusses the latest "Building"/Hays Construction and Property" consultants salary guide, which reveals that employers on relying more on perks than salary increases to retain existing staff and attract new recruits. Benefits packages, typically including greater holidays, flexitime, and company car schemes, are particularly attractive to younger consultants. Below-inflation pay rises have been the norm, with only building surveying partners and directors enjoying double-figure percentage rises. Provides salary tables for quantity and building surveyors, architects, civil and structural CAD technicians and engineers, broken down by UK regions. |
| 590 ## - LOCAL NOTE (RLIN) | |
| Local note | IKA250406 |
| 690 ## - LOCAL SUBJECT ADDED ENTRY--TOPICAL TERM (OCLC, RLIN) | |
| Topical term or geographic name as entry element | CAREERS, EDUCATION AND TRAINING-SURVEYING APPOINTMENTS |
| 942 ## - ADDED ENTRY ELEMENTS (KOHA) | |
| Suppress in OPAC | 0 |
| Withdrawn status | Lost status | Source of classification or shelving scheme | Damaged status | Not for loan | Home library | Current library | Shelving location | Date acquired | Total Checkouts | Full call number | Barcode | Date last seen | Copy number | Price effective from | Koha item type |
|---|---|---|---|---|---|---|---|---|---|---|---|---|---|---|---|
| Dewey Decimal Classification | London | London | Journal article | 24/04/2006 | L133254 | 133254-1001 | 06/08/2019 | 1 | 06/08/2019 | Journal article |